|
|
|
|
| LEADER |
01178nam a2200349 4500 |
| 001 |
000014817 |
| 003 |
11187 |
| 005 |
20120515080532.0 |
| 008 |
120515s1989 viesd |
| 020 |
|
|
|c 0đ
|
| 041 |
0 |
|
|a vie
|
| 082 |
|
|
|a 170
|b NG-N
|
| 100 |
0 |
|
|a Ôn Như Nguyễn Văn Ngọc
|
| 245 |
1 |
0 |
|a Cổ học tinh hoa
|c Ôn Như Nguyễn Văn Ngọc, Tử An Trần Lê Nhân
|n Tập 1
|p Cổ học tinh hoa
|
| 260 |
|
|
|a H.
|b Sử văn hoá thông tin Hà Sơn Bình
|c 1989
|
| 300 |
|
|
|a 167 tr.
|c 19cm
|
| 653 |
|
|
|a Cổ học
|
| 653 |
|
|
|a Trung Hoa
|
| 653 |
|
|
|a Văn hoá
|
| 700 |
|
|
|a Ôn Như Nguyễn Văn Ngọc
|e t.g
|
| 700 |
|
|
|a Tử An Trần Lê Nhân
|e t.g
|
| 773 |
|
|
|t Cổ học tinh hoa
|w 2973
|
| OWN |
|
|
|a LSP
|
| AVA |
|
|
|a UDN50
|b LSP
|d 170 NG-N
|e available
|t Error 5001 Not defined in file expand_doc_bib_avail.
|f 3
|g 0
|h N
|i 0
|k 1
|
| 999 |
|
|
|a From the UDN01
|
| AVA |
|
|
|a UDN50
|b LSP
|d 170 NG-N
|e available
|t Error 5001 Not defined in file expand_doc_bib_avail.
|f 3
|g 0
|h N
|i 0
|k 1
|
| TYP |
|
|
|a Monograph
|
| TYP |
|
|
|a Printed language
|
| 980 |
|
|
|a Mạng thư viện Đại học Đà Nẵng
|